| 000 | 00646cam a2200205 a 4500 | ||
|---|---|---|---|
| 020 | _a0130482196 | ||
| 082 | 0 | 0 |
_a624.15136 _bLIU _cN-01 P-89 |
| 100 | 1 |
_aLiu, Cheng, _938781 |
|
| 245 | 1 | 0 |
_aSoils and foundations / _cCheng Liu, Jack B. Evett. |
| 250 | _a6th ed. | ||
| 260 |
_aUpper Saddle River, N.J. : _bPearson Prentice Hall, _cc2004. |
||
| 300 |
_ax, 486 p. : _bill. ; _c24 cm. |
||
| 526 |
_a0 _b0 _c0 _d624_151360000000000_LIU |
||
| 650 | 0 |
_aFoundations. _9892 |
|
| 650 | 0 |
_aNUST _96342 |
|
| 650 | 0 | _aSoil mechanics. | |
| 700 | 1 |
_aEvett, Jack B., _938780 |
|
| 856 | 4 | 1 | _uhttp://www.loc.gov/catdir/toc/ecip045/2003013177.html |
| 942 |
_2ddc _cBK |
||
| 999 |
_c547503 _d547503 |
||